| 000 | 00775pam a2200289 a 4500 | ||
|---|---|---|---|
| 999 |
_c6136 _d6136 |
||
| 001 | 015630603 | ||
| 003 | Uk | ||
| 005 | 20260312113542.0 | ||
| 008 | 100602s2011 enk j 000 1 eng|d | ||
| 015 |
_aGBB099347 _2bnb |
||
| 020 | _a9781782957201 | ||
| 040 |
_aStDuBDS _beng _cStDuBDS _dUk _dKH8 |
||
| 042 | _aukblcatcopy | ||
| 082 | _aFIC RYA | ||
| 100 | 1 |
_aRyan, Chris, _d1961- _eauthor. |
|
| 245 | 1 | 0 |
_aAgent 21 / _cChris Ryan. |
| 260 |
_aLondon : _bRed Fox, _c2011. |
||
| 300 |
_a323 p. ; _c20 cm. |
||
| 336 |
_atext _2rdacontent |
||
| 337 |
_aunmediated _2rdamedia |
||
| 338 |
_avolume _2rdacarrier |
||
| 500 |
_aFormerly CIP. _5Uk |
||
| 650 | 0 |
_aIntelligence officers _vFiction. |
|
| 655 | 0 | _aSuspense fiction. | |
| 655 | 0 | _aYoung adult fiction. | |
| 942 |
_2ddc _cFIC |
||